00548 2200217 4500001002100000005001700021008004100038035002600079245002400105100002400129710002500153260002700178300002300205020002200228082000800250084001000258650001700268990001500285990001500300990001500315INLIS00000000000028720191229191317.0191229| ||| | ind  a 0010-12190000000028700cTendi Krishna Murti0 aTendi Krishna Murti0 aAstri Pratiwi Poerba aInsaniabInsaniac2010 a163 hlm ;c163 hlm a9,7860296593e+0120 a600 a615,8 0aRamuan 615.8 aB201404558 aB201404559 aB201405562